000 00146 a2200085 4500
041 _aspa
100 _aAnonimo
245 _afauna Chilena
942 _cBK
999 _c2916
_d2916